000 00443nam a2200205Ia 4500
001 13794
003 GE_BSU
008 181216s||||||||xx |||||||||||||| ||und||
020 _a9781416526407
040 _cGE_BSU
080 _a821.111-312.4
100 _aLutz,Liza
245 4 _aThe Spellman Files
260 _aLondon
260 _bPocket Books
260 _c2007
300 _a370p.20cm.
653 _aThe Spellman Files
942 _cBK
999 _c46941
_d46941